000 00353 a2200169 4500
001 190251
020 _a
040 _cMagnum
100 _aBraga, Cláudia
240 1 0 _aO menino e o dragão
_lpor
245 1 0 _aO menino e o dragão
300 _a24
362 0 _a2010
440 1 _aMira Cultural
697 _aLITERATURA INFANTIL
942 _cBK
999 _c190251
_d190251